Memorias de la Real Academia Española, (Record no. 172330)

MARC details
000 -LEADER
campo de control de longitud fija 01891nam a2200193 i 4500
001 - NÚMERO DE CONTROL
campo de control 172330
003 - IDENTIFICADOR DE NÚMERO DE CONTROL
campo de control ES-MaACL
005 - FECHA Y HORA DE LA ÚLTIMA TRANSACCIÓN
campo de control 20230929062539.0
008 - DATOS DE LONGITUD FIJA--INFORMACIÓN GENERAL
campo de control de longitud fija 090625s1870 sp |||| | spa d
080 ## - NÚMERO DE LA CLASIFICACIÓN DECIMAL UNIVERSAL
Número de la Clasificación Decimal Universal 821.134.2
080 ## - NÚMERO DE LA CLASIFICACIÓN DECIMAL UNIVERSAL
Número de la Clasificación Decimal Universal 811.134.2
110 2# - ENTRADA PRINCIPAL--NOMBRE DE ENTIDAD CORPORATIVA
Nombre de entidad corporativa o nombre de jurisdicción como elemento de entrada Real Academia Española
9 (RLIN) 6336
245 10 - MENCIÓN DEL TÍTULO
Título Memorias de la Real Academia Española,
Fechas extremas/inclusivas 1870 /
Mención de responsabilidad, etc. Real Academia Española.
260 ## - PUBLICACIÓN, DISTRIBUCIÓN, ETC.
Lugar de publicación, distribución, etc. Madrid :
Nombre del editor, distribuidor, etc. [s.n.],
Fecha de publicación, distribución, etc. 1870 (
Fabricante Imp. M. Ribedeneyra)
300 ## - DESCRIPCIÓN FÍSICA
Extensión 1 v. ;
Dimensiones 25 cm.
505 8# - NOTA DE CONTENIDO CON FORMATO
Nota de contenido con formato Contiene: Reseña histórica de la Academia Española / Marqués de Molins (128 p.). Reseña necrológica de D. Mateo Seoane / Pedro Felipe Monlau (p. 129- 143). Que el estudio profundo y detenido de las lenguas extranjeras lejos de contribuir al deterioro de la propia sirve para conocerla mejor y manejarla con mas acierto / Antonio Alcalá Galiano (p. 144-174). La canción a las ruinas de Itálica, no es de Francisco de Rioja / Aureliano Fernández-Guerra y Orbe (p.175-217). Sobre los trabajos literarios de la Academia Española / Marqués de Molins (p. 218-249). La libertad en las artes / Antonio Cánovas del Castillo (p. 250-327). Contestación / Juan Valera (p. 328-351). Discurso de D. Nicasio Álvarez Cienfuegos al entrar en la Academia (p. 352-367). El drama religioso español antes y después de Lope de Vega / Manuel Cañete (p. 368-412). Necrología de D. Antonio Gil de Zárate / Antonio Ferrer del Río (p. 413-421). Del arcaísmo y el neologismo / Pedro Felipe Monlau (p. 422-546). Armonía, gravedad y abundancia del idioma castellano / Ramón Cabrera (p. 547-555). Elogio fúnebre de D. Francisco Martínez de la Rosa / Tomás Rodríguez Rubí (p. 556-581). Breves frases a la memoria de D. Agustín Durán / Francisco Cutanda (p. 582-590). Memoria necrológica de D. Pedro José Pidal / Eugenio de Ochoa (p. 591-635).
852 ## - LOCALIZACIÓN
Ubicación ES-MaACL
Número de control de estantería K-159
Holdings
Estatus retirado Estado de pérdida Estado de daño No para préstamo Colección Biblioteca de origen Biblioteca actual Ubicación en estantería Fecha de adquisición Total de préstamos Signatura topográfica completa Código de barras Visto por última vez Precio de reemplazo Tipo de ítem Koha
        Libros del s. XIX Biblioteca del Ateneo de Madrid Biblioteca del Ateneo de Madrid Administración 25/06/2009   K-159 1180845 23/02/2023 23/02/2023 Libro impreso antiguo